State of the worlds children 2005: childhood under threat (Record no. 214496)
[ view plain ]
| 000 -LEADER | |
|---|---|
| fixed length control field | 00500nam a2200169Ia 4500 |
| 008 - FIXED-LENGTH DATA ELEMENTS--GENERAL INFORMATION | |
| fixed length control field | 210719s2005 xx 000 0 und d |
| 020 ## - INTERNATIONAL STANDARD BOOK NUMBER | |
| International Standard Book Number | 92-806-3817-3 |
| 041 ## - LANGUAGE CODE | |
| Language code of text/sound track or separate title | eng |
| 082 ## - DEWEY DECIMAL CLASSIFICATION NUMBER | |
| Classification number | 362.795 UNIS |
| 100 ## - MAIN ENTRY--PERSONAL NAME | |
| Personal name | UNICEF |
| 245 ## - TITLE STATEMENT | |
| Title | State of the worlds children 2005: childhood under threat |
| 260 ## - PUBLICATION, DISTRIBUTION, ETC. | |
| Place of publication, distribution, etc. | New York |
| Date of publication, distribution, etc. | 2005 |
| 300 ## - PHYSICAL DESCRIPTION | |
| Extent | vii,152 |
| Other physical details | PB |
| 650 ## - SUBJECT ADDED ENTRY--TOPICAL TERM | |
| Topical term or geographic name entry element | Problems of Children |
| 650 ## - SUBJECT ADDED ENTRY--TOPICAL TERM | |
| Topical term or geographic name entry element | Social Work |
| 906 ## - LOCAL DATA ELEMENT F, LDF (RLIN) | |
| a | 2005: ; childhood ; children ; of ; State ; the ; threat ; under ; worlds |
| Withdrawn status | Lost status | Damaged status | Not for loan | Collection code | Home library | Current library | Date acquired | Total Checkouts | Full call number | Barcode | Date last seen | Price effective from | Koha item type |
|---|---|---|---|---|---|---|---|---|---|---|---|---|---|
| St Aloysius Library | St Aloysius Library | 10/27/2007 | 362.795 UNIS | D03108 | 07/19/2021 | 07/19/2021 | Donated Books |